LEADER 00724naa a2200157 i 4500 001 000000306541 003 CaOOAMICUS 005 20180831172859.0 008 180831n it u000 u ita u 013 $a15064 040 $aSeMil$bita 100 1 $aGeiselmann, Josef Rupert,$d<1890-1970>.$0(OLS)http://semarc/name/9599 245 13$aIl mutamento della coscienza della chiesa e dell'ecclesialità nella teologia di Adamo Möhler. 600 14$aMöhler, Johann Adam.$0(OLS)http://semarc/subject/9237 773 0 $tVol. 2.$dRoma : Paoline, 1964.$kBiblioteca di cultura religiosa$gp.223-459$w()180944 996 $6245$aIl mutamento della coscienza della chiesa e dell'ecclesialità nella teologia di Adamo Möhler$9(OLS)http://semarc/title/381947 LEADER 00623nab a2200145 i 4500 001 000000316484 003 CaOOAMICUS 005 20180831173210.0 008 180831n xx uu u0 0und r 013 $a25565 040 $aSeMil$bita 100 1 $aNavoni, Marco,$c.$0(OLS)http://semarc/name/6539 245 13$aUn'importante pubblicazione per la storia della liturgia ambrosiana -L'evangeliario purpureo di Sarezzano. 773 0 $t[Gennaio-Dicembre].$g333-343$w()273988 996 $6245$aUn'importante pubblicazione per la storia della liturgia ambrosiana -L'evangeliario purpureo di Sarezzano$9(OLS)http://semarc/title/390504